000
00317nam a2200157Ia 4500
008
100122s9999 xx 000 0 und d
082
_b
74476
_a
746.54
100
_a
BPI INDIA
245
_a
ORIGAMI
250
_a
1
260
_c
2008
300
_a
24
630
_a
ORIGAMI
730
_a
ORIGAMI
942
_c
BOOK
999
_c
390516
_d
390513